000 00813nam a22002537a 4500
999 _c95382
_d95382
005 20260421155037.0
008 260420b ||||| |||| 00| 0 eng d
020 _a9798891614482
041 _aeng
082 0 0 _223
_a647.95068
100 1 _aCarter, Mason,
_eauthor.
245 1 0 _aBeverage products and bar operations /
_cMason Carter.
264 1 _aJersey City, USA :
_bAlexis Press, LLC.,
_c2025.
300 _aviii, 320 pages :
_bcolor illustrations ;
_c27 cm
336 _2rdacontent
_atext
_btxt
337 _2rdamedia
_aunmediated
_bn
338 _2rdacarrier
_avolume
_bnc
504 _aIncludes bibliographical references and index.
650 0 _aBars (Drinking establishments)
_xManagement
650 0 _aBartending.
650 0 _aNon-alcoholic beverages.
650 0 _aBeverages.
942 _2ddc
_cBK